Statistiques concernant Calcul mental instantané #1

Cliquez ici pour prendre le quiz!

Statistiques générales

  • Ce quiz a été pris 9 302 fois
  • Le résultat moyen est 8 sur 10

Statistiques - réponses

#HintRéponse% Correct
14 + 15
100%
2x 210
97%
3x 330
97%
5- 20100
95%
4x 4120
95%
6/ 520
89%
7/ 54
84%
8x 1248
75%
9x 1,572
41%
10/ 324
21%

Distribution des résultats

Percentile par nombre de réponses

% des personnes avec chaque résultat

Votre développement - résultats

Vous n’avez pas pris ce quiz